Los cazadores de focas de la bahia de baffin /

Guardado en:
Autor Principal: Salgari, Emilio
Formato: Libro
Publicado: Madrid : Unidad, 1998
Materias:
Etiquetas: Agregar Etiqueta
Sin Etiquetas, Sea el primero en etiquetar este registro!
LEADER 00604nam a22002175a 4500
001 CEM.cems016950
005 20121130165808.0
008 130507s1998##################000#0#####d
003 CEMS
020 |a 8481300489 
082 0 4 |a 853.9 
100 1 |a Salgari, Emilio 
245 1 0 |a Los cazadores de focas de la bahia de baffin /  |c Emilio Salgari, 
260 |a Madrid :  |b Unidad,  |c 1998 
300 |a 95 p. 
653 |a Literatura 
653 |a Literatura italiana 
653 |a Novela 
653 |a Novela italiana 
653 |a Novela de aventura 
859 |a CEMS  |b BIB. CEMS - Agricultura  |h 853.9  |i Sa329  |p A0301.00  |t Ej.1